| 000 | 00585nam a2200157Ia 4500 | ||
|---|---|---|---|
| 008 | 210719s2007 xx 000 0 und d | ||
| 041 | _aeng | ||
| 082 | _a658.8 AFRC | ||
| 100 | _aAFRAH (U H) | ||
| 245 | _aConsumer behaviour towards mahindra scorpio with special reference to Karnataka Agencies | ||
| 260 |
_aMangalore _bDepartment of Business Management St Aloysius College _c2007 |
||
| 300 |
_a63 _bHB |
||
| 650 | _aManagement | ||
| 650 | _aProject Reports | ||
| 906 | _aAgencies ; behaviour ; Consumer ; Karnataka ; mahindra ; reference ; scorpio ; special ; to ; towards ; with | ||
| 999 |
_c214461 _d214461 |
||